| 000 | 00726nam a2200205 a 4500 | ||
|---|---|---|---|
| 001 | BRCA_9126 | ||
| 005 | 20190320210528.0 | ||
| 008 | 051017s1721----sp-#######---#000-0#lat-# | ||
| 041 | _alat | ||
| 044 | _asp | ||
| 084 |
_aBE154 _b.L67 1721 |
||
| 100 | 1 |
_aLossada, Ludovico de _922507 |
|
| 245 | 1 | 0 |
_aInstitutiones dialecticae, vulgo summulae, ad primam partem philosophici cursus pertinentes _cauthore R. P. Ludovico de Lossada. |
| 260 |
_aSalmanticae _bEx typographia Francisci Garcia Onorato & San Miguel _c1721 |
||
| 300 |
_a194 p. (t.1) _c20.5 x 15 cm |
||
| 500 | _aEstado físico: presenta encuadernación en pergamino con presencia del pez de plata | ||
| 650 | 1 | 4 |
_aFilosofía _914906 |
| 902 | _aCFM | ||
| 942 |
_2lcc _cB |
||
| 999 |
_c8774 _d8774 |
||